Online
Catalog

Plegaria y poesía / (Record no. 2610)

MARC details
000 -CABECERA
campo de control de longitud fija 00860cam a2200265 a 4500
001 - NÚMERO DE CONTROL
campo de control 000002776
005 - FECHA Y HORA DE LA ÚLTIMA TRANSACCIÓN
campo de control 20200929150244.0
008 - DATOS DE LONGITUD FIJA--INFORMACIÓN GENERAL
campo de control de longitud fija 760909s1947 ag 001 p spa
040 ## - FUENTE DE LA CATALOGACIÓN
Centro catalogador/agencia de origen DO-SdBNP
Lengua de catalogación spa
Centro/agencia transcriptor BNPHU
041 17 - CÓDIGO DE LENGUA
Código de lengua del texto/banda sonora o título independiente spa
Código de lengua original fre
082 ## - NÚMERO DE LA CLASIFICACIÓN DECIMAL DEWEY
Número de clasificación 841.5
Número de documento/Ítem B836p
100 1# - ENTRADA PRINCIPAL--NOMBRE DE PERSONA
Nombre de persona Bremond, Henri,
Fechas asociadas al nombre 1865-1933.
9 (RLIN) 8753
240 10 - TÍTULO UNIFORME
Título uniforme Prière et poèsie.
Lenguaje de la obra Español
245 10 - MENCIÓN DE TÍTULO
Título Plegaria y poesía /
Mención de responsabilidad, etc. Henri Bremond ; traducción de Elsa Tabernig.
260 ## - PUBLICACIÓN, DISTRIBUCIÓN, ETC.
Lugar de publicación, distribución, etc. Buenos Aires :
Nombre del editor, distribuidor, etc. Nova,
Fecha de publicación, distribución, etc. 1947.
300 ## - DESCRIPCIÓN FÍSICA
Extensión 199 p. ;
Dimensiones 21 cm.
490 1# - MENCIÓN DE SERIE
Mención de serie La vida del espíritu
Designación de volumen o secuencia no. 340
504 ## - NOTA DE BIBLIOGRAFÍA, ETC.
Nota de bibliografía, etc. Incluye
534 ## - NOTA SOBRE LA VERSIÓN ORIGINAL
Encabezamiento principal del original Título original:
Mención de título del original Prière et poèsie.
650 #4 - PUNTO DE ACCESO ADICIONAL DE MATERIA--TÉRMINO DE MATERIA
Término de materia o nombre geográfico como elemento de entrada Poesía francesa
9 (RLIN) 4916
650 #4 - PUNTO DE ACCESO ADICIONAL DE MATERIA--TÉRMINO DE MATERIA
Término de materia o nombre geográfico como elemento de entrada Literatura francesa
9 (RLIN) 1074
650 #4 - PUNTO DE ACCESO ADICIONAL DE MATERIA--TÉRMINO DE MATERIA
Término de materia o nombre geográfico como elemento de entrada Misticismo en la literatura
9 (RLIN) 8754
700 1# - PUNTO DE ACCESO ADICIONAL--NOMBRE DE PERSONA
Nombre de persona Tabernig, Elsa,
Término indicativo de función/relación tr.
9 (RLIN) 8755
830 #3 - PUNTO DE ACCESO ADICIONAL DE SERIE-TÍTULO UNIFORME
Título uniforme La vida del espíritu;
Designación de volumen o secuencia no. 340
9 (RLIN) 8693
Holdings
Estado de retiro Estado de pérdida Restricciones de uso No para préstamo Código de colección Localización permanente Ubicación/localización actual Ubicación en estantería Fecha de adquisición Número de inventario Total de préstamos Signatura topográfica completa Código de barras Fecha visto por última vez Precio válido a partir de Tipo de ítem Koha
    Préstamo interno   Monografías: Libros y Folletos General General En catalogación 06.07.2009 LF1   841.5 B836p 2776-10 25.06.2020 25.06.2020 Préstamo interno

Powered by Koha